000 00348nam a2200145Ia 4500
008 150201s1991 xx 000 0 und d
082 _a615.85152
_bO91C
100 _aCHRISTIANSEN , CHARLES
245 _aOCCUPATIONAL THERAPY
250 _a1ST
260 _bSLACK
_aNEW YORK
_c1991
300 _a1-885
650 _aPHYSIOTHERAPY
942 _2ddc
_cBK
999 _c1536
_d1536